000 00551nam a22001457a 4500
020 _a0-373-58960-3
082 _a823
_bJOR/F
100 _aJORDAN,PENNY
245 _aFOR BETTER FOR WORSE
260 _aLONDON
_bWORLD WIDE BOOKS
300 _a538
520 _aA New York Times bestselling author offers a tale of three couples whose love is sometimes for better, sometimes for worse. Nick parades his affairs in front of Fern even as he taunts her about his despised stepbrother--her forbidden love.
650 _aNOVEL, ENGLISH
_zLONDON
942 _cBK
999 _c2370
_d2370